Encontrarse a todo trance: Manual práctico de Autorrealización con P.N.L.

Shranjeno v:
Bibliografske podrobnosti
Glavni avtor: Álvarez, Ramiro J. (autor)
Format: Knjiga
Izdano: Madrid, España: Gaia Ediciones, 1998.
Izdaja:2a. edición.
Teme:
Oznake: Označite
Brez oznak, prvi označite!

MARC

LEADER 00000nam a22000007a 4500
003 CL-VaPUC
005 20240910114950.0
008 240823t1998 ||||| |||| 00| 0 eng d
999 |c 444516  |d 444514 
020 |a 8488242204 
040 |c Pontificia Universidad Católica de Valparaíso 
082 7 |a 154.7 ALV 1998  |2 22 
100 |9 439077  |a Álvarez, Ramiro J.  |e autor 
245 |a Encontrarse a todo trance:  |b Manual práctico de Autorrealización con P.N.L. 
250 |a 2a. edición. 
260 |a Madrid, España:  |b Gaia Ediciones,  |c 1998. 
300 |a 202 páginas. 
500 |a c.1 Donación memo Biblioteca de Educación 14 de agosto de 2024. 
583 |c 20240823  |k Gabriela Rodríguez Cuevas 
650 0 |9 311559  |a Programación neurolingüística (PNL)  |x Autorrealización 
650 0 |9 334258  |a Hipnosis   |x Autohipnosis 
650 0 |9 390751  |a Desarrollo Personal  |x Autoayuda 
942 |2 ddc  |c BK 
952 |0 0  |1 0  |2 ddc  |4 0  |6 154_700000000000000_ALV_1998  |7 0  |8 A  |9 596383  |a BIBEDU  |b BIBEDU  |d 2024-08-23  |e Donación  |i 5662476  |o 154.7 ALV 1998  |p 5662476  |r 2024-08-23  |t 1  |w 2024-08-23  |y BK  |k PSI